اسلام کا اقتصادی نظام (Record no. 554156)
[ view plain ]
| 000 -LEADER | |
|---|---|
| fixed length control field | 00354nam a22001217a 4500 |
| 082 ## - DEWEY DECIMAL CLASSIFICATION NUMBER | |
| Classification number | 297 |
| Author Mark | HAR |
| 100 ## - MAIN ENTRY--PERSONAL NAME | |
| Personal name | Harvi, Hazrat Mulana Muhammad Hifzur Rehman Sayo |
| 9 (RLIN) | 51478 |
| 245 ## - TITLE STATEMENT | |
| Title | اسلام کا اقتصادی نظام |
| 260 ## - PUBLICATION, DISTRIBUTION, ETC. | |
| Place of publication, distribution, etc. | Lahore, |
| Name of publisher, distributor, etc. | Idara islamiyat, |
| Date of publication, distribution, etc. | 1984. |
| 300 ## - PHYSICAL DESCRIPTION | |
| Extent | 359p. |
| 526 ## - STUDY PROGRAM INFORMATION NOTE | |
| Program name | 0 |
| Interest level | 0 |
| Reading level | 0 |
| Title point value | 297_000000000000000_HAR |
| 942 ## - ADDED ENTRY ELEMENTS (KOHA) | |
| Source of classification or shelving scheme | |
| Koha item type | Book |
| Withdrawn status | Lost status | Source of classification or shelving scheme | Damaged status | Not for loan | Permanent Location | Current Location | Date acquired | Total Checkouts | Full call number | Barcode | Date last seen | Price effective from | Koha item type |
|---|---|---|---|---|---|---|---|---|---|---|---|---|---|
| Military College of Engineering (MCE) | Military College of Engineering (MCE) | 10/22/2018 | 297 HAR | MCE-9838 | 10/22/2018 | 10/22/2018 | Book |
